[Event "Championnat de France des Jeunes - Pupil"]
[Site "LA ROCHE SUR YON"]
[Date "2008.04.26"]
[Round "8.2"]
[White "Purenne, Benoit"]
[Black "Gautier, Clement"]
[Result "1/2-1/2"]
[WhiteElo "1877"]
[BlackElo "1811"]
[PlyCount "128"]
[EventDate "2008.??.??"]

1. e4 e5 2. Nf3 Nc6 3. Bb5 Nf6 4. O-O Nxe4 5. d4 Nd6 6. dxe5 Nxb5 7. a4 Nbd4 8.
Nxd4 Nxd4 9. Qxd4 d5 10. Nc3 Be6 11. b4 Be7 12. f4 Qd7 13. Ba3 O-O 14. Rad1 c6
15. Ne4 b6 16. c4 Rfd8 17. cxd5 Qxd5 18. Nd6 Bxd6 19. exd6 Qxd4+ 20. Rxd4 Rd7
21. Rf3 Rad8 22. Rfd3 b5 23. axb5 cxb5 24. Bc1 Rc8 25. Be3 Bc4 26. Rd1 Bb3 27.
R1d3 Bc4 28. Ra3 Re8 29. Kf2 h6 30. Ra6 Rb8 31. Re4 Rbd8 32. Bc5 Be6 33. Re5
Kh7 34. f5 Bc4 35. Kg3 f6 36. Re7 Rxe7 37. dxe7 Re8 38. Rxa7 Bd5 39. Rc7 Kg8
40. Kf2 Kf7 41. Bd6 h5 42. h3 Bc4 43. Bc5 Bd3 44. g4 hxg4 45. hxg4 g6 46. Ke3
Bc4 47. Bd6 g5 48. Ra7 Bf1 49. Kf3 Bc4 50. Rc7 Bd5+ 51. Ke3 Bc4 52. Rd7 Bd5 53.
Bc5 Bc4 54. Rc7 Bd5 55. Bd6 Bb3 56. Kf3 Bd5+ 57. Kg3 Bb3 58. Rc1 Bd5 59. Rc2
Bb3 60. Rh2 Kg7 61. Bc5 Bc4 62. Rh5 Bf7 63. Rh2 Bc4 64. Kf3 Bd5+ 1/2-1/2

[Event "Championnat de France des Jeunes - Pupil"]
[Site "LA ROCHE SUR YON"]
[Date "2008.04.26"]
[Round "8.3"]
[White "Viennot, Dylan"]
[Black "Kambrath, Yannick"]
[Result "1-0"]
[WhiteElo "1774"]
[BlackElo "1670"]
[PlyCount "45"]
[EventDate "2008.??.??"]

1. e4 e5 2. Nf3 Nc6 3. Bb5 a6 4. Ba4 Nf6 5. d3 d6 6. c3 b5 7. Bc2 Be7 8. Nbd2
O-O 9. Nf1 Re8 10. Ng3 h6 11. O-O Bf8 12. Re1 g6 13. h3 Bg7 14. d4 Bb7 15. d5
Nb8 16. h4 h5 17. Bg5 Nbd7 18. Qd2 Qe7 19. Rad1 Rad8 20. Bh6 Nb6 21. Bxg7 Kxg7
22. Qg5 c6 23. Nf5+ 1-0

[Event "Championnat de France des Jeunes - Pupil"]
[Site "LA ROCHE SUR YON"]
[Date "2008.04.26"]
[Round "8.4"]
[White "Lamard, Guillaume"]
[Black "Bellahcene, Rayane"]
[Result "1-0"]
[WhiteElo "2024"]
[BlackElo "1660"]
[PlyCount "71"]
[EventDate "2008.??.??"]

1. d4 Nf6 2. c4 e6 3. g3 Bb4+ 4. Bd2 Qe7 5. Bg2 O-O 6. a3 Bxd2+ 7. Nxd2 Nc6 8.
Ngf3 d6 9. O-O e5 10. d5 Nb8 11. e4 a5 12. b4 Bg4 13. Qb3 Nbd7 14. Rfb1 axb4
15. axb4 Nb6 16. Ne1 Nfd7 17. f3 Bh5 18. Nd3 Bg6 19. Rxa8 Rxa8 20. Rc1 Na4 21.
Bh3 c5 22. Ra1 Nab6 23. Rxa8+ Nxa8 24. Bxd7 Qxd7 25. bxc5 f6 26. cxd6 Qxd6 27.
Qxb7 Nc7 28. c5 Qd8 29. Nc4 Bf7 30. Nd6 Bh5 31. Kg2 Ne8 32. Nxe8 Qxe8 33. c6
Bxf3+ 34. Kxf3 Qh5+ 35. Kg2 Qe2+ 36. Nf2 1-0

[Event "Championnat de France des Jeunes - Pupil"]
[Site "LA ROCHE SUR YON"]
[Date "2008.04.26"]
[Round "8.5"]
[White "Aubert, Lucas"]
[Black "Giroyan, Gary"]
[Result "0-1"]
[WhiteElo "1650"]
[BlackElo "2047"]
[PlyCount "66"]
[EventDate "2008.??.??"]

1. d4 Nf6 2. Nf3 g6 3. c4 c5 4. d5 b5 5. Nc3 b4 6. Nb5 a6 7. Qa4 Bb7 8. Nc3
bxc3 9. bxc3 Bg7 10. Rb1 Qc7 11. g3 O-O 12. d6 exd6 13. Bg2 Nc6 14. O-O Rab8
15. Bf4 Rfe8 16. Qd1 Ne5 17. Bxe5 dxe5 18. e3 d5 19. cxd5 Bxd5 20. a3 Rbd8 21.
Qe2 Qc6 22. c4 Be4 23. Rbd1 Nd7 24. Rd2 Nb6 25. Nh4 Rxd2 26. Qxd2 Bxg2 27. Nxg2
Nxc4 28. Qd3 Nb2 29. Qb3 Qb5 30. Qd5 c4 31. Qd2 Nd3 32. e4 Bf8 33. Ra1 Qb2 0-1

[Event "Championnat de France des Jeunes - Pupil"]
[Site "LA ROCHE SUR YON"]
[Date "2008.04.26"]
[Round "8.1"]
[White "Navrotescu, Andreea-Cristiana"]
[Black "Bekhouche, Marion"]
[Result "1-0"]
[WhiteElo "1723"]
[BlackElo "1697"]
[PlyCount "95"]
[EventDate "2008.??.??"]

1. d4 d5 2. c4 e6 3. Nc3 Be7 4. Nf3 Nf6 5. Bg5 O-O 6. cxd5 exd5 7. e3 c6 8. Qc2
Be6 9. Bd3 g6 10. Bh6 Re8 11. O-O Qc8 12. Ne5 Bf5 13. Bxf5 Qxf5 14. Qxf5 gxf5
15. f4 Ng4 16. Nxg4 fxg4 17. f5 Bd6 18. Rae1 Nd7 19. Bf4 Bxf4 20. Rxf4 Nf6 21.
b4 Rac8 22. Kf1 Rc7 23. e4 dxe4 24. Nxe4 Rxe4 25. Rexe4 Nxe4 26. Rxg4+ Kf8 27.
Rxe4 Re7 28. Rxe7 Kxe7 29. Ke2 Kd6 30. Ke3 Kd5 31. Kd3 b6 32. g4 c5 33. bxc5
bxc5 34. dxc5 Kxc5 35. Ke4 Kd6 36. h4 h6 37. g5 hxg5 38. hxg5 Ke7 39. Ke5 f6+
40. Kf4 fxg5+ 41. Kxg5 Kf7 42. a4 a5 43. f6 Kf8 44. Kf5 Kf7 45. Ke5 Ke8 46. Ke6
Kf8 47. f7 Kg7 48. Ke7 1-0

[Event "Championnat de France des Jeunes - Pupil"]
[Site "LA ROCHE SUR YON"]
[Date "2008.04.26"]
[Round "8.2"]
[White "Kambrath, Linda"]
[Black "Bellaiche, Elise"]
[Result "1/2-1/2"]
[WhiteElo "1570"]
[BlackElo "1714"]
[PlyCount "70"]
[EventDate "2008.??.??"]

1. e4 e6 2. d4 d5 3. Nc3 Bb4 4. exd5 exd5 5. Bd2 Nf6 6. Nf3 O-O 7. Be2 Bf5 8.
O-O Nc6 9. Bg5 Re8 10. Bxf6 gxf6 11. Qd2 Kh8 12. Bd3 Bg6 13. Rfe1 Rg8 14. a3
Be7 15. Re3 Qd7 16. Rae1 Bf8 17. Bxg6 fxg6 18. Re6 Bg7 19. Qf4 Rgf8 20. Nb5
Rac8 21. h3 a6 22. Nc3 Rf7 23. Qe3 Rff8 24. Na4 b6 25. b3 Rf7 26. Re8+ Rxe8 27.
Qxe8+ Qxe8 28. Rxe8+ Rf8 29. Re6 Na7 30. Nc3 c6 31. Re7 Ra8 32. a4 Kg8 33. Rb7
Nc8 34. Rc7 Na7 35. Rb7 Nc8 1/2-1/2

[Event "Championnat de France des Jeunes - Pupil"]
[Site "LA ROCHE SUR YON"]
[Date "2008.04.26"]
[Round "8.3"]
[White "Massard, Aurelie"]
[Black "Rei-Rosa, Sophie"]
[Result "1-0"]
[WhiteElo "1630"]
[BlackElo "1510"]
[PlyCount "151"]
[EventDate "2008.??.??"]

1. d4 d5 2. Bf4 Bf5 3. e3 e6 4. c4 c6 5. Nc3 Nf6 6. Qb3 Qb6 7. c5 Qxb3 8. axb3
Be7 9. Nf3 Nbd7 10. Be2 O-O 11. h3 b6 12. b4 a5 13. b5 Rfc8 14. bxc6 Rxc6 15.
Bb5 Rcc8 16. c6 Nb8 17. g4 Be4 18. Nxe4 Nxe4 19. c7 Na6 20. Bd7 Rf8 21. c8=Q
Rfxc8 22. Bxc8 Rxc8 23. O-O Rc2 24. Rfc1 Rxb2 25. Ng5 h6 26. Nxe4 dxe4 27. Rab1
Rxb1 28. Rxb1 Bd8 29. Rc1 Kh7 30. Rc8 Be7 31. Bc7 Nxc7 32. Rxc7 Bd8 33. Rd7 Bh4
34. d5 Kg8 35. Rb7 exd5 36. Rxb6 Kf8 37. Rb5 Bd8 38. Rxd5 Bc7 39. Rd4 Ke7 40.
Rxe4+ Kd6 41. Rf4 Ke6 42. Re4+ Kd6 43. Kf1 Bd8 44. Ke2 Kc5 45. Re8 Bb6 46. Kd3
a4 47. Re5+ Kb4 48. Re4+ Kb3 49. Re7 Bc5 50. Rb7+ Bb4 51. Rxf7 a3 52. Rxg7 a2
53. Ra7 Ba3 54. Rb7+ Bb4 55. Ra7 Kb2 56. Rxa2+ Kxa2 57. f4 Bf8 58. Ke4 Kb3 59.
Kf5 Kc4 60. e4 Kc5 61. e5 Kd5 62. e6 Be7 63. g5 hxg5 64. fxg5 Kd6 65. g6 Bf8
66. Kf6 Be7+ 67. Kf7 Bd8 68. g7 Bh4 69. g8=Q Kd5 70. e7 Kc5 71. Qc8+ Kd6 72.
e8=R Kd5 73. Qd7+ Kc4 74. Rc8+ Kb4 75. Qb7+ Ka5 76. Ra8# 1-0

[Event "Championnat de France des Jeunes - Pupil"]
[Site "LA ROCHE SUR YON"]
[Date "2008.04.26"]
[Round "8.4"]
[White "Lefevre, Lucie"]
[Black "Rigolot, Lucie"]
[Result "0-1"]
[WhiteElo "1540"]
[BlackElo "1723"]
[PlyCount "86"]
[EventDate "2008.??.??"]

1. e4 c5 2. Nc3 a6 3. f4 d6 4. h3 b5 5. a3 Bb7 6. Nf3 Nd7 7. Be2 e6 8. O-O b4
9. axb4 cxb4 10. Na2 Bxe4 11. Nxb4 Qb6+ 12. Kh1 Qxb4 13. d3 Bb7 14. b3 Ngf6 15.
Bd2 Qb6 16. Ba5 Qc6 17. Qd2 g6 18. Bc3 Bg7 19. Rg1 Rc8 20. Bxf6 Bxf6 21. Rac1
O-O 22. Ne1 Qb6 23. Rf1 Bc3 24. Qd1 Nf6 25. Rb1 Nd5 26. Qc1 Ne3 27. Rg1 Nf5 28.
Kh2 Bd4 29. Rf1 Bf2 30. Nf3 Ng3 31. Rd1 Nxe2 32. Qd2 Nc3 33. Rf1 Be3 34. Qe1
Nxb1 35. Qxb1 Bxf4+ 36. Kh1 Bxf3 37. Rxf3 Be5 38. Rf1 Rc3 39. Rc1 Rfc8 40. Qa2
Qc6 41. Kg1 Rxc2 42. Rxc2 Qxc2 43. Qxc2 Rxc2 0-1

[Event "Championnat de France des Jeunes - Pupil"]
[Site "LA ROCHE SUR YON"]
[Date "2008.04.26"]
[Round "8.5"]
[White "Fischer, Julie"]
[Black "Saucey, Milena"]
[Result "1-0"]
[WhiteElo "1671"]
[BlackElo "1440"]
[PlyCount "61"]
[EventDate "2008.??.??"]

1. e4 e5 2. Nf3 Nc6 3. d4 exd4 4. Bc4 Nf6 5. e5 d5 6. Bb5 Ne4 7. Nxd4 Bd7 8.
Bxc6 Bxc6 9. Nxc6 bxc6 10. Be3 Be7 11. O-O Bg5 12. Bxg5 Qxg5 13. f4 Qh4 14. c4
Qd8 15. Qa4 Qd7 16. Rd1 d4 17. c5 Nxc5 18. Qxd4 Qxd4+ 19. Rxd4 Ne6 20. Rc4 Rb8
21. b3 Kd7 22. Nc3 c5 23. f5 Nd4 24. Rd1 Kc6 25. Rdxd4 Kb6 26. Rd7 Rhf8 27.
Nd5+ Kc6 28. Rxc7+ Kb5 29. R4xc5+ Ka6 30. R5c6+ Kb5 31. a4+ 1-0

[Event "Championnat de France des Jeunes - Junio"]
[Site "LA ROCHE SUR YON"]
[Date "2008.04.27"]
[Round "9.1"]
[White "Genzling, Alain"]
[Black "Brethes, Francois"]
[Result "1-0"]
[WhiteElo "2281"]
[BlackElo "2198"]
[PlyCount "43"]
[EventDate "2008.??.??"]

1. c4 e5 2. g3 g6 3. Bg2 Bg7 4. Nc3 c6 5. e4 Ne7 6. Nge2 O-O 7. d4 d6 8. Be3
Nd7 9. O-O f5 10. f4 fxe4 11. Nxe4 Nf5 12. Bf2 exf4 13. Nxf4 Nf6 14. Ng5 Ng4
15. Qxg4 Nh6 16. Qh4 Bf6 17. Nfe6 Bxe6 18. Be3 Bxc4 19. Qxh6 Qe7 20. Rfe1 Bxg5
21. Bxg5 Qg7 22. Qxg7+ 1-0

[Event "Championnat de France des Jeunes - Junio"]
[Site "LA ROCHE SUR YON"]
[Date "2008.04.27"]
[Round "9.2"]
[White "Bailet, Pierre"]
[Black "Forgues, Fabien"]
[Result "1/2-1/2"]
[WhiteElo "2250"]
[BlackElo "2162"]
[PlyCount "54"]
[EventDate "2008.??.??"]

1. Nf3 Nf6 2. c4 e6 3. d4 b6 4. g3 Bb7 5. Bg2 Be7 6. O-O O-O 7. Nc3 Ne4 8. Bd2
f5 9. d5 Bf6 10. Qc2 Na6 11. Rad1 Qe8 12. Nxe4 fxe4 13. Ng5 exd5 14. cxd5 Bxg5
15. Bxg5 Qg6 16. Be7 Rf7 17. Bxe4 Qh6 18. d6 Bxe4 19. Qxe4 c6 20. b4 Qh5 21.
Rd3 Re8 22. Ra3 Qb5 23. Qg4 c5 24. bxc5 Nxc5 25. Rxa7 Ne6 26. Qa4 Qxe2 27. Qxd7
Ref8 1/2-1/2

[Event "Championnat de France des Jeunes - Junio"]
[Site "LA ROCHE SUR YON"]
[Date "2008.04.27"]
[Round "9.3"]
[White "Tarchichi, Paul"]
[Black "Congiu, Mathilde"]
[Result "1-0"]
[WhiteElo "2131"]
[BlackElo "2190"]
[PlyCount "79"]
[EventDate "2008.??.??"]

1. g3 d5 2. Bg2 Nf6 3. Nf3 c6 4. b3 Bf5 5. Bb2 e6 6. O-O h6 7. d3 Nbd7 8. Nbd2
Bh7 9. e4 dxe4 10. dxe4 Nxe4 11. Nxe4 Bxe4 12. Re1 Bxf3 13. Qxf3 Qe7 14. a4
O-O-O 15. a5 a6 16. b4 Qxb4 17. Reb1 Qc4 18. Qxf7 Bc5 19. Bxg7 Rh7 20. Qg6 Rxg7
21. Qxg7 Bd4 22. Qxh6 Rf8 23. Rf1 Bxa1 24. Rxa1 Qxc2 25. Qxe6 Qxf2+ 26. Kh1 Rh8
27. Rd1 Qxg3 28. Qxd7+ Kb8 29. h3 Rg8 30. Qd2 Rh8 31. Rb1 Rg8 32. Qb2 Rg7 33.
Rd1 Rg8 34. Rb1 Rg7 35. Qc2 Qc7 36. Qxc6 Qxc6 37. Bxc6 Kc8 38. Bxb7+ Kc7 39.
Bxa6 Rg3 40. Bf1 1-0

[Event "Championnat de France des Jeunes - Junio"]
[Site "LA ROCHE SUR YON"]
[Date "2008.04.27"]
[Round "9.4"]
[White "Vernay, Clovis"]
[Black "Ababou, Nessim"]
[Result "1-0"]
[WhiteElo "2348"]
[BlackElo "2063"]
[PlyCount "66"]
[EventDate "2008.??.??"]

1. d4 d5 2. c4 e6 3. Nc3 Nf6 4. cxd5 exd5 5. Bg5 Be7 6. e3 c6 7. Bd3 O-O 8. Qc2
Nbd7 9. Nge2 Re8 10. O-O Nf8 11. f3 Nh5 12. Bxe7 Rxe7 13. Qd2 g6 14. Rad1 Ng7
15. e4 Nfe6 16. Bc2 b6 17. b4 Nc7 18. e5 h5 19. Rc1 Bf5 20. Nd1 c5 21. bxc5
bxc5 22. Bxf5 Nxf5 23. Rxc5 Ne6 24. Rb5 a6 25. Rb1 Rc8 26. Ne3 Nxe3 27. Qxe3
Rc4 28. f4 Ng7 29. f5 Nxf5 30. Rxf5 gxf5 31. Qg5+ Kf8 32. Nf4 Qc8 33. Qh6+ Ke8
1-0

[Event "Championnat de France des Jeunes - Junio"]
[Site "LA ROCHE SUR YON"]
[Date "2008.04.27"]
[Round "9.1"]
[White "Vidal, Marguerite"]
[Black "Dolz, Elisabeth"]
[Result "0-1"]
[WhiteElo "1380"]
[BlackElo "1710"]
[PlyCount "50"]
[EventDate "2008.??.??"]

1. e4 e5 2. Nf3 Nc6 3. Bc4 Bc5 4. O-O Nf6 5. d3 O-O 6. Bg5 d6 7. Nh4 Be6 8. Nc3
Nd4 9. Kh1 Bxc4 10. dxc4 h6 11. Bxf6 Qxf6 12. Qg4 c6 13. Rac1 Ne6 14. Nf5 Nf4
15. Ne2 Nxe2 16. Qxe2 d5 17. cxd5 cxd5 18. f4 exf4 19. Qb5 b6 20. Rxf4 dxe4 21.
Re1 Rfe8 22. b4 a6 23. Qc4 Bf8 24. Rexe4 Rxe4 25. Qxe4 Qa1+ 0-1

[Event "Championnat de France des Jeunes - Junio"]
[Site "LA ROCHE SUR YON"]
[Date "2008.04.27"]
[Round "9.2"]
[White "Cwiek, Perrine"]
[Black "Swiercz, Sarah"]
[Result "1-0"]
[WhiteElo "1730"]
[BlackElo "1420"]
[PlyCount "117"]
[EventDate "2008.??.??"]

1. e4 e6 2. d4 d5 3. Nd2 c5 4. c3 c4 5. Ne2 Nf6 6. Ng3 Be7 7. Be2 O-O 8. O-O
Nbd7 9. e5 Ne8 10. Kh1 g6 11. Nf3 Ng7 12. Bh6 Re8 13. Qd2 Bf8 14. Qf4 f6 15.
exf6 Qxf6 16. Qxf6 Nxf6 17. Ne5 Nf5 18. Nxf5 exf5 19. Bxf8 Kxf8 20. b3 Ng4 21.
Bxg4 fxg4 22. bxc4 dxc4 23. Nxc4 Rd8 24. f3 gxf3 25. Rxf3+ Kg7 26. Raf1 Be6 27.
Na5 Bxa2 28. Nxb7 Rf8 29. Rxf8 Rxf8 30. Rxf8 Kxf8 31. Kg1 Ke7 32. Na5 Kd7 33.
c4 Kc7 34. c5 a6 35. Kf2 h5 36. Ke3 Bd5 37. g3 Kd7 38. Kf4 Ke6 39. Kg5 Kf7 40.
c6 Be6 41. c7 Bf5 42. Nc4 Ke7 43. Nb6 a5 44. c8=Q Bxc8 45. Nxc8+ Ke6 46. Nb6
Kd6 47. Nc4+ Kd5 48. Nxa5 Kxd4 49. Kxg6 Ke5 50. Kxh5 Kf6 51. g4 Kg7 52. Kg5 Kh7
53. Kf6 Kh8 54. h4 Kh7 55. g5 Kg8 56. g6 Kf8 57. g7+ Kg8 58. h5 Kh7 59. Kf7 1-0

[Event "Championnat de France des Jeunes - Junio"]
[Site "LA ROCHE SUR YON"]
[Date "2008.04.27"]
[Round "9.3"]
[White "Choisy, Mathilde"]
[Black "Huisman, Camille"]
[Result "1-0"]
[WhiteElo "2094"]
[BlackElo "1613"]
[PlyCount "57"]
[EventDate "2008.??.??"]

1. Nf3 Nc6 2. c4 e5 3. Nc3 Nf6 4. d3 d6 5. Rb1 a5 6. a3 Bd7 7. g3 g6 8. Bg2 Bg7
9. b4 Ne7 10. O-O axb4 11. axb4 O-O 12. Qb3 Re8 13. Bb2 Nc6 14. e4 Qc8 15. Ra1
Rb8 16. Rac1 Be6 17. Nd5 b5 18. c5 Qd7 19. Ng5 Bxd5 20. exd5 Ne7 21. d4 exd4
22. Bh3 Qd8 23. Bxd4 dxc5 24. Rxc5 Nexd5 25. Bg2 Nb6 26. Qxf7+ Kh8 27. Rxc7 Rg8
28. Bxf6 Qxf6 29. Qxf6 1-0

[Event "Championnat de France des Jeunes - Junio"]
[Site "LA ROCHE SUR YON"]
[Date "2008.04.27"]
[Round "9.4"]
[White "Mehiaoui, Dounia"]
[Black "Magnin, Segolene"]
[Result "1-0"]
[WhiteElo "1855"]
[BlackElo "1799"]
[PlyCount "71"]
[EventDate "2008.??.??"]

1. e4 e6 2. d4 d5 3. Nd2 Be7 4. Ngf3 Nf6 5. e5 Nfd7 6. Bd3 c5 7. c3 Nc6 8. Bc2
a5 9. a3 b5 10. Nf1 cxd4 11. cxd4 Qb6 12. Ng3 Ba6 13. O-O Rb8 14. Re1 b4 15.
Re3 Bc4 16. b3 Ba6 17. a4 Rc8 18. Bb2 h6 19. Rc1 g5 20. h3 Nf8 21. Nh5 Qd8 22.
Nh2 Ng6 23. Ng4 Nf4 24. Ngf6+ Bxf6 25. Nxf6+ Kf8 26. Kh2 Ne7 27. g3 Nfg6 28.
Qf3 Ng8 29. Bxg6 Rxc1 30. Nxd5 Rc7 31. Nxc7 Qxc7 32. d5 Bb7 33. d6 Bxf3 34.
dxc7 Bb7 35. Be4 Bc8 36. Bd4 1-0

[Event "Championnat de France des Jeunes - Junio"]
[Site "LA ROCHE SUR YON"]
[Date "2008.04.27"]
[Round "9.5"]
[White "Bismuth, Lea"]
[Black "Belloc, Sidonie"]
[Result "1/2-1/2"]
[WhiteElo "1930"]
[BlackElo "1789"]
[PlyCount "41"]
[EventDate "2008.??.??"]

1. e4 e6 2. Nc3 d5 3. Nf3 dxe4 4. Nxe4 Nf6 5. Ng3 Be7 6. Bc4 O-O 7. O-O b6 8.
d4 Bb7 9. c3 c5 10. Bg5 Nd5 11. Bxe7 Qxe7 12. Re1 Qc7 13. dxc5 Qxc5 14. Qd4
Qxd4 15. Nxd4 Rd8 16. Rad1 Nc6 17. Nxc6 Bxc6 18. f3 Rac8 19. Ba6 Rb8 20. Bc4
Rbc8 21. Ba6 1/2-1/2

[Event "Championnat de France des Jeunes - Cadet"]
[Site "LA ROCHE SUR YON"]
[Date "2008.04.27"]
[Round "9.1"]
[White "Tachikart, Yassin"]
[Black "Guilleux, Fabien"]
[Result "0-1"]
[WhiteElo "2111"]
[BlackElo "2391"]
[PlyCount "68"]
[EventDate "2008.??.??"]

1. d4 Nf6 2. c4 g6 3. Nc3 d5 4. Bf4 Bg7 5. e3 c5 6. dxc5 Qa5 7. Rc1 dxc4 8.
Bxc4 O-O 9. Nf3 Qxc5 10. Qb3 Nc6 11. Ng5 e6 12. O-O Na5 13. Qb5 Qxc4 14. Qxa5
b6 15. Qa3 Bb7 16. Qe7 Qa6 17. Be5 Rae8 18. Qb4 h6 19. Nh3 Rc8 20. Qh4 Rc4 21.
f4 Nd5 22. Bxg7 Kxg7 23. Nxd5 Bxd5 24. Rce1 Qxa2 25. Re2 Rb4 26. Nf2 f5 27. Nd3
Qc4 28. Rd2 Rb3 29. Rfd1 Qe4 30. Qg3 Rf7 31. Kf2 Qa4 32. Ke2 Bc4 33. h4 Rxd3
34. Rxd3 Qc2+ 0-1

[Event "Championnat de France des Jeunes - Cadet"]
[Site "LA ROCHE SUR YON"]
[Date "2008.04.27"]
[Round "9.2"]
[White "Delorme, Axel"]
[Black "Blum, Nicolas"]
[Result "1/2-1/2"]
[WhiteElo "2377"]
[BlackElo "2180"]
[PlyCount "64"]
[EventDate "2008.??.??"]

1. e4 c5 2. Nf3 e6 3. c3 Nf6 4. e5 Nd5 5. d4 cxd4 6. cxd4 d6 7. Bc4 Nb6 8. Bb3
dxe5 9. Nxe5 Nc6 10. Nf3 Be7 11. Nc3 Bf6 12. Be3 O-O 13. Ne4 Be7 14. O-O Nd5
15. Bg5 b6 16. Bxe7 Ncxe7 17. Ne5 Bb7 18. Re1 Nf5 19. Nf3 Nh4 20. Nxh4 Qxh4 21.
g3 Qe7 22. Qe2 Qd7 23. Rad1 Rac8 24. a3 Qc6 25. f3 Rfd8 26. Rd2 Qd7 27. Red1
Bc6 28. Bc4 Ba4 29. Re1 Rc7 30. Kf2 Rdc8 31. Ba6 Rd8 32. Bc4 Rdc8 1/2-1/2

[Event "Championnat de France des Jeunes - Cadet"]
[Site "LA ROCHE SUR YON"]
[Date "2008.04.27"]
[Round "9.3"]
[White "Stephan, Victor"]
[Black "Valles, Manuel"]
[Result "1-0"]
[WhiteElo "2094"]
[BlackElo "2117"]
[PlyCount "130"]
[EventDate "2008.??.??"]

1. d4 Nf6 2. c4 g6 3. Nc3 Bg7 4. e4 O-O 5. Be2 c6 6. Nf3 d5 7. e5 Ne4 8. O-O
Nxc3 9. bxc3 dxc4 10. Bxc4 b5 11. Be2 Na6 12. Re1 Nc7 13. Bd2 a6 14. Qc1 Bb7
15. c4 Ne6 16. Qb2 Rb8 17. Qc3 f6 18. Be3 b4 19. Qb3 c5 20. d5 Nd4 21. Bxd4
cxd4 22. Nxd4 fxe5 23. Ne6 Qd6 24. Nxf8 Rxf8 25. Rac1 e4 26. c5 Qf4 27. d6+ e6
28. Qe3 Bc6 29. Qxf4 Rxf4 30. Bxa6 Bc3 31. Red1 Rf8 32. Bc4 Rd8 33. Bxe6+ Kf8
34. Bd5 Ba4 35. Bxe4 Bxd1 36. Rxd1 b3 37. axb3 Bb4 38. Rc1 Kf7 39. Bd5+ Kf6 40.
Kf1 Ke5 41. Bf3 h5 42. Rc4 Rb8 43. d7 Ba5 44. c6 Kd6 45. b4 Bd8 46. Ke2 Kc7 47.
g3 Ra8 48. h4 Ra2+ 49. Kf1 Rb2 50. Be4 g5 51. hxg5 Bxg5 52. Rc5 Be7 53. Rxh5
Rxb4 54. Bf3 Rb2 55. Rh8 Rb8 56. Rxb8 Kxb8 57. Be4 Kc7 58. f4 Kd6 59. Ke2 Bd8
60. Kf3 Ke6 61. g4 Kf6 62. g5+ Ke6 63. Kg4 Bc7 64. f5+ Kf7 65. Bd5+ Kg7 1-0

[Event "Championnat de France des Jeunes - Cadet"]
[Site "LA ROCHE SUR YON"]
[Date "2008.04.27"]
[Round "9.4"]
[White "Fougerit, Valentin"]
[Black "Sauvan, Olivier"]
[Result "1-0"]
[WhiteElo "2208"]
[BlackElo "1963"]
[PlyCount "45"]
[EventDate "2008.??.??"]

1. e4 d6 2. d4 Nf6 3. Nc3 Nbd7 4. f4 e5 5. Nf3 exd4 6. Qxd4 c6 7. Bd2 d5 8.
exd5 Bc5 9. Qd3 O-O 10. dxc6 Re8+ 11. Be2 bxc6 12. O-O-O Rb8 13. Ne5 Qc7 14.
Qc4 Re7 15. Nd3 Bd6 16. Bf3 Bb7 17. Qa4 Nb6 18. Qa5 c5 19. Nb5 Qd7 20. Nxd6
Bxf3 21. gxf3 c4 22. Ne5 Qxd6 23. Bb4 1-0

[Event "Championnat de France des Jeunes - Cadet"]
[Site "LA ROCHE SUR YON"]
[Date "2008.04.27"]
[Round "9.5"]
[White "Casier, Remi"]
[Black "Nockels, Nicolas"]
[Result "0-1"]
[WhiteElo "1938"]
[BlackElo "1968"]
[PlyCount "74"]
[EventDate "2008.??.??"]

1. e4 e5 2. Nf3 Nc6 3. Bb5 a6 4. Bxc6 dxc6 5. d4 exd4 6. Qxd4 Qxd4 7. Nxd4 Bd7
8. Be3 O-O-O 9. Nd2 Ne7 10. O-O-O Ng6 11. Nc4 Re8 12. f3 c5 13. Ne2 Bb5 14. b3
Bxc4 15. bxc4 Ne5 16. Nc3 Nxc4 17. Bf2 Nb6 18. Nd5 Nxd5 19. Rxd5 b6 20. Rhd1
Bd6 21. c4 Re5 22. R5d3 Ree8 23. Rd5 Rd8 24. e5 Be7 25. Bg3 c6 26. Rd6 Bxd6 27.
exd6 Rhe8 28. Rd2 Kd7 29. Rb2 b5 30. Rc2 Re6 31. cxb5 cxb5 32. Rxc5 Rc8 33.
Rxc8 Kxc8 34. Kd2 Kd7 35. Kd3 a5 36. Kd4 Re2 37. Kc5 b4 0-1

[Event "Championnat de France des Jeunes - Cadet"]
[Site "LA ROCHE SUR YON"]
[Date "2008.04.27"]
[Round "9.1"]
[White "Genzling, Sylvie"]
[Black "Richard, Emma"]
[Result "0-1"]
[WhiteElo "1955"]
[BlackElo "1985"]
[PlyCount "88"]
[EventDate "2008.??.??"]

1. d4 Nf6 2. Nf3 g6 3. c3 Bg7 4. Bf4 d6 5. h3 O-O 6. e3 Nbd7 7. Bc4 c6 8. O-O
Qe8 9. a4 e5 10. Bh2 Qe7 11. a5 Ne8 12. dxe5 Nxe5 13. Be2 Nxf3+ 14. Bxf3 a6 15.
Na3 Be5 16. Nc4 Bxh2+ 17. Kxh2 Bf5 18. Re1 d5 19. Nd2 Nd6 20. Kg1 Rad8 21. Qc1
Rfe8 22. Ra4 Qg5 23. Kh1 Ne4 24. Bxe4 Bxe4 25. Nxe4 Rxe4 26. Qc2 Qf5 27. Rxe4
dxe4 28. Kg1 Qd5 29. Rf1 f5 30. Qa4 Kf7 31. f3 exf3 32. gxf3 Kg7 33. h4 Qe5 34.
Qb4 Qg3+ 35. Kh1 Rd2 36. Qe7+ Kh6 37. Qg5+ Qxg5 38. hxg5+ Kxg5 39. Rg1+ Kf6 40.
Rg2 Rxg2 41. Kxg2 Ke5 42. Kg3 g5 43. b3 h5 44. Kh3 g4+ 0-1

[Event "Championnat de France des Jeunes - Cadet"]
[Site "LA ROCHE SUR YON"]
[Date "2008.04.27"]
[Round "9.2"]
[White "Le Bail, Clara"]
[Black "Armas, Lara-Maria"]
[Result "0-1"]
[WhiteElo "2012"]
[BlackElo "1891"]
[PlyCount "131"]
[EventDate "2008.??.??"]

1. e4 c5 2. Nc3 d6 3. g3 g6 4. Bg2 Bg7 5. d3 Nc6 6. Be3 e6 7. Qd2 a6 8. Nge2
Nd4 9. O-O Ne7 10. Nd1 O-O 11. Nc1 e5 12. f4 f5 13. c3 Ndc6 14. Ne2 Qa5 15. Bf2
Be6 16. Ne3 Rad8 17. Nd5 Bf7 18. b4 Qa3 19. Rfb1 Nxd5 20. exd5 Ne7 21. bxc5
Bxd5 22. Bxd5+ Nxd5 23. Rb3 Qa5 24. fxe5 Bxe5 25. d4 Bg7 26. cxd6 b5 27. Qb2
Rxd6 28. Be1 Qc7 29. a4 bxa4 30. Rxa4 Rf7 31. Rb8+ Bf8 32. Rb3 Rc6 33. Bd2 Re7
34. Nf4 Nxf4 35. Bxf4 Qd7 36. Rb8 Rce6 37. Qa2 Kg7 38. Rxa6 Re1+ 39. Kf2 R7e2+
40. Qxe2 Rxe2+ 41. Kxe2 Qd5 42. Kd3 Qe4+ 43. Kd2 Qg2+ 44. Ke3 Qg1+ 45. Kd2 Qf2+
46. Kd3 Qf1+ 47. Kd2 Qxa6 48. Be5+ Kf7 49. Kc2 Bd6 50. Bxd6 Qxd6 51. Rb5 Qc6
52. Rb2 Qc4 53. Rb7+ Kg8 54. h4 Qa2+ 55. Kc1 Qg2 56. Rb8+ Kg7 57. c4 Qf1+ 58.
Kb2 Qxc4 59. Rd8 Qc7 60. Re8 Qxg3 61. Kc2 f4 62. Kd2 f3 63. Re1 Qf2+ 64. Kd1
Qxd4+ 65. Kc2 Qxh4 66. Kd2 0-1

[Event "Championnat de France des Jeunes - Cadet"]
[Site "LA ROCHE SUR YON"]
[Date "2008.04.27"]
[Round "9.3"]
[White "Forestier, Carole"]
[Black "Perrusset, Barbara"]
[Result "1-0"]
[WhiteElo "2037"]
[BlackElo "1876"]
[PlyCount "117"]
[EventDate "2008.??.??"]

1. d4 Nf6 2. c4 e6 3. Nf3 Bb4+ 4. Bd2 Bxd2+ 5. Qxd2 b6 6. Nc3 Bb7 7. g3 O-O 8.
Bg2 d6 9. O-O Ne4 10. Nxe4 Bxe4 11. Rac1 Nd7 12. Rfd1 Qe7 13. Qe3 f5 14. d5
Bxf3 15. Qxf3 e5 16. e3 a5 17. b3 Qg5 18. Bh3 Nc5 19. Kh1 Rf6 20. Rb1 Ne4 21.
Rb2 Raf8 22. a3 Rh6 23. Bg2 Nf6 24. Kg1 e4 25. Qe2 Ng4 26. h3 Ne5 27. Ra2 Nd3
28. Rb1 Qe7 29. b4 axb4 30. axb4 g5 31. Ra7 f4 32. exf4 gxf4 33. Qxe4 Qxe4 34.
Bxe4 Ne5 35. Rxc7 fxg3 36. fxg3 Rxh3 37. Kg2 Rh6 38. Rh1 Rxh1 39. Kxh1 h6 40.
Kg2 Ra8 41. c5 bxc5 42. bxc5 dxc5 43. Rxc5 Rd8 44. Kf2 Kf7 45. Ke3 Kf6 46. Kf4
Rd6 47. g4 Rd7 48. Bf5 Rd6 49. Ke4 Rd8 50. Ra5 Rd6 51. Rb5 Nf7 52. Rc5 Ne5 53.
Rc7 Rb6 54. Kf4 Rb1 55. Kg3 Rb6 56. Rh7 Kg5 57. Rg7+ Kf6 58. Rg8 Nf7 59. Rg6+
1-0